Statistics for ALL Mississippi Cities

Click here to take the quiz!

General Stats

  • This quiz has been taken 11 times
  • The average score is 96 of 300

Answer Stats

CountyMunicipality% Correct
OLafayetteOxford
78%
BHarrisonBiloxi
67%
CMarionColumbia
67%
DHarrisonD'Iberville
67%
GWashingtonGreenville
67%
GLefloreGreenwood
67%
GHarrisonGulfport
67%
HForrest, LamarHattiesburg
67%
JHinds, Madison, RankinJackson‡
67%
LJonesLaurel
67%
MLauderdaleMeridian
67%
OJacksonOcean Springs
67%
PJacksonPascagoula
67%
PRankinPearl
67%
PForrestPetal
67%
SOktibbehaStarkville
67%
AChoctawAckerman
56%
BHancockBay St. Louis
56%
CHindsClinton
56%
CLowndesColumbus
56%
GJacksonGautier
56%
HChickasawHouston
56%
MMadisonMadison
56%
MJacksonMoss Point
56%
NAdamsNatchez
56%
PNeshobaPhiladelphia
56%
PPearl RiverPicayune
56%
VWarrenVicksburg
56%
WWayneWaynesboro
56%
YYazooYazoo City
56%
AMonroeAberdeen
44%
AMonroeAmory
44%
BLee, PrentissBaldwyn
44%
BHumphreysBelzoni
44%
BRankinBrandon
44%
BLincolnBrookhaven
44%
CBolivarCleveland
44%
CAlcornCorinth
44%
DHancockDiamondhead
44%
EPontotocEcru
44%
GGrenadaGrenada
44%
HDeSotoHernando
44%
HMarshallHolly Springs
44%
HDeSotoHorn Lake
44%
LGreeneLeakesville
44%
LWinstonLouisville
44%
LGeorgeLucedale
44%
LLamar, Pearl RiverLumberton
44%
MSimpsonMagee
44%
MPikeMagnolia
44%
MChoctaw, WebsterMathiston
44%
MPikeMcComb
44%
MSimpsonMendenhall
44%
NNewtonNewton
44%
ODeSotoOlive Branch
44%
PHarrisonPass Christian
44%
PPontotocPontotoc
44%
QClarkeQuitman
44%
RPerryRichton
44%
RTippahRipley
44%
SLeeSaltillo
44%
SDeSotoSouthaven
44%
TLeeTupelo
44%
TWalthallTylertown
44%
UNeshoba, NewtonUnion
44%
WHolmesWest
44%
WClayWest Point
44%
WStoneWiggins
44%
WChickasawWoodland
44%
WWilkinsonWoodville
44%
ALafayetteAbbeville
33%
APontotocAlgoma
33%
ABentonAshland
33%
BPanolaBatesville
33%
BJasperBay Springs
33%
BTishomingoBelmont
33%
BTippahBlue Mountain
33%
BUnionBlue Springs
33%
BPrentissBooneville
33%
BCalhounBruce
33%
BFranklinBude
33%
CLowndesCaledonia
33%
CCalhounCalhoun City
33%
CMadisonCanton
33%
CCarrollCarrollton
33%
CCoahomaClarksdale
33%
CCoahomaCoahoma
33%
CTateColdwater
33%
CLowndesCrawford
33%
DKemperDe Kalb
33%
DSimpsonD'Lo
33%
EWebsterEupora
33%
FTippahFalkner
33%
FJeffersonFayette
33%
FMadisonFlora
33%
FRankinFlowood
33%
FItawambaFulton
33%
GBolivarGunnison
33%
GLeeGuntown
33%
HCopiahHazlehurst
33%
HNewtonHickory
33%
HBentonHickory Flat
33%
ISunflowerIndianola
33%
ISunflowerInverness
33%
ILefloreItta Bena
33%
ITishomingoIuka
33%
JPrentissJumpertown
33%
KAttalaKosciusko
33%
KAlcornKossuth
33%
LHarrisonLong Beach
33%
LHumphreysLouise
33%
MOktibbeha, WebsterMaben
33%
MNoxubeeMacon
33%
MItawambaMantachie
33%
MPrentissMarietta
33%
MLauderdaleMarion
33%
MIssaquenaMayersville
33%
MLawrenceMonticello
33%
MJasperMontrose
33%
MCovingtonMount Olive
33%
MUnionMyrtle
33%
NLee, MonroeNettleton
33%
OYalobushaOakland
33%
OChickasawOkolona
33%
PCalhounPittsboro
33%
PLeePlantersville
33%
PPearl RiverPoplarville
33%
PClaibornePort Gibson
33%
PJefferson DavisPrentiss
33%
PLamarPurvis
33%
RMadisonRidgeland
33%
RAlcornRienzi
33%
RSharkeyRolling Fork
33%
RBolivarRosedale
33%
SPanolaSardis
33%
SKemperScooba
33%
STateSenatobia
33%
SLeeShannon
33%
SBolivarShelby
33%
SLee, Pontotoc, UnionSherman
33%
SMonroeSmithville
33%
SPikeSummit
33%
TLafayetteTaylor
33%
TTunicaTunica
33%
VCalhounVardaman
33%
VLeeVerona
33%
WTippahWalnut
33%
WYalobushaWater Valley
33%
WMontgomeryWinona
33%
ABolivarAlligator
22%
ASharkeyAnguilla
22%
AWashingtonArcola
22%
ALowndesArtesia
22%
BJefferson DavisBassfield
22%
BPerryBeaumont
22%
BCopiahBeauregard
22%
BBolivarBenoit
22%
BYazooBentonia
22%
BBolivarBeulah
22%
BCalhounBig Creek
22%
BHindsBolton
22%
BBolivarBoyle
22%
BSimpsonBraxton
22%
BNoxubeeBrooksville
22%
BTishomingoBurnsville
22%
BMarshallByhalia
22%
BHindsByram
22%
CLeakeCarthage
22%
CSharkeyCary
22%
CAmite, WilkinsonCentreville
22%
CTallahatchieCharleston
22%
CNewtonChunky
22%
CYalobushaCoffeeville
22%
CCovingtonCollins
22%
CPanolaComo
22%
CPanolaCourtland
22%
CPanola, QuitmanCrenshaw
22%
CAmite, WilkinsonCrosby
22%
CPanola, QuitmanCrowder
22%
CHolmesCruger
22%
CCopiahCrystal Springs
22%
DNewtonDecatur
22%
DCalhounDerma
22%
DSunflowerDoddsville
22%
DSunflowerDrew
22%
DMontgomeryDuck Hill
22%
DTippahDumas
22%
DBolivarDuncan
22%
DHolmesDurant
22%
EYazooEden
22%
EHindsEdwards
22%
EJonesEllisville
22%
EClarkeEnterprise
22%
EAttalaEthel
22%
FQuitmanFalcon
22%
FAlcornFarmington
22%
FRankinFlorence
22%
FScottForest
22%
FChoctawFrench Camp
22%
FCoahomaFriars Point
22%
GMonroeGattman
22%
GCopiahGeorgetown
22%
GAlcornGlen
22%
GTallahatchieGlendora
22%
GAmiteGloster
22%
GMadisonGluckstadt
22%
GTishomingoGolden
22%
GHolmesGoodman
22%
HMonroeHatley
22%
HJasperHeidelberg
22%
HWashingtonHollandale
22%
IHumphreysIsola
22%
JCoahomaJonestown
22%
KMontgomeryKilmichael
22%
LNewton, ScottLake
22%
LQuitmanLambert
22%
LHindsLearned
22%
LWashingtonLeland
22%
LLeakeLena
22%
LHolmesLexington
22%
LAmiteLiberty
22%
LJasperLouin
22%
LCoahomaLula
22%
LCoahomaLyon
22%
MWebsterMantee
22%
MQuitmanMarks
22%
MAttalaMcCool
22%
MGreeneMcLain
22%
MFranklinMeadville
22%
MBolivarMerigold
22%
MWashingtonMetcalfe
22%
MSmithMize
22%
MSunflowerMoorhead
22%
MLefloreMorgan City
22%
MScottMorton
22%
MBolivarMound Bayou
22%
NUnionNew Albany
22%
NPerryNew Augusta
22%
NLawrenceNew Hebron
22%
NChickasawNew Houlka
22%
NCarrollNorth Carrollton
22%
NWinstonNoxapater
22%
OPikeOsyka
22%
PBolivarPace
22%
PClarkePachuta
22%
PTishomingoPaden
22%
PRankinPelahatchie
22%
PHolmesPickens
22%
PSmithPolkville
22%
PPanolaPope
22%
PMarshallPotts Camp
22%
PRankinPuckett
22%
RSmithRaleigh
22%
RHindsRaymond
22%
RBolivarRenova
22%
RRankinRichland
22%
RFranklinRoxie
22%
RSunflowerRuleville
22%
SAttalaSallis
22%
SJonesSandersville
22%
SYazooSatartia
22%
SLefloreSchlater
22%
SScott, LeakeSebastopol
22%
SCovingtonSeminary
22%
SBolivar, SunflowerShaw
22%
SClarkeShubuta
22%
SNoxubeeShuqualak
22%
SLefloreSidon
22%
SHumphreysSilver City
22%
SLawrenceSilver Creek
22%
SCalhounSlate Springs
22%
SQuitmanSledge
22%
SBentonSnow Lake Shores
22%
SJonesSoso
22%
SGreene, WayneState Line
22%
SClarkeStonewall
22%
SOktibbehaSturgis
22%
STallahatchieSumner
22%
SLamarSumrall
22%
SSunflowerSunflower
22%
SSmithSylvarena
22%
TSmithTaylorsville
22%
THolmesTchula
22%
THindsTerry
22%
TPontotocThaxton
22%
TYalobushaTillatoba
22%
TTishomingoTishomingo
22%
TPontotocToccopola
22%
TItawambaTremont
22%
TTallahatchieTutwiler
22%
UHindsUtica
22%
VCarrollVaiden
22%
WDeSotoWalls
22%
WLeakeWalnut Grove
22%
WWebsterWalthall
22%
WHancockWaveland
22%
WTallahatchieWebb
22%
WChoctawWeir
22%
WCopiah, LincolnWesson
22%
WBolivarWinstonville
22%

Score Distribution

Percentile by Number Answered

Percent of People with Each Score

Your Score History

You have not taken this quiz